000 00443nam a2200169Ia 4500
008 240729s9999 xx 000 0 und d
022 _a2451-943X
245 0 _aVeterinary and Animal Science
260 _aNetherlands
260 _bElsevier
650 _a Animal culture
650 _a Veterinary medicine
650 _aAgriculture
856 _uhttps://doaj.org/toc/e793f4553fa74c138ffab190699becc3
942 _2ddc
942 _cDOAJEJ
999 _c71390
_d71390
945 _a1
_bMadushi Gamage
_c1
_dMadushi Gamage